Beatles Song Title Antonyms - Statistics

General Stats
  • This quiz has been taken 583 times
  • The average score is 13 of 15
Answer Stats
Hint Answer % Correct
Tomorrow Yesterday
98%
Easy Night's Day Hard Day's Night
96%
He Hates Me She Loves You
93%
No It's Not Yes It Is
93%
To You From Me From Me To You
92%
Bad Evening Bad Evening Good Morning Good Morning
92%
Out Your Death In My Life
91%
Purple Airplane Yellow submarine
88%
Pence Avenue Penny Lane
86%
Straighten and Whisper Twist and Shout
84%
It Will Be Short It Won't Be Long
83%
The Short and Straight Sidewalk The Long and Winding Road
81%
Sweet Mrs. Ketchup Mean Mr. Mustard
69%
Release Me Loose Hold Me Tight
60%
Mother's out White Baby's in Black
47%
No matching quizzes found
Score Distribution
Percent of People with Each Score
Percentile by Number Answered
Your Score History
You have not taken this quiz